Statistics for Jídla podle země původu

Click here to take the quiz!

General Stats

  • This quiz has been taken 83 times
  • The average score is 14 of 36

Answer Stats

Answer% Correct
Česko
91%
Japonsko
90%
Maďarsko
84%
Mexiko
84%
Vietnam
79%
Itálie
78%
Německo
78%
Řecko
78%
Ukrajina
75%
Španělsko
73%
Indie
72%
Polsko
61%
Francie
58%
Korea
58%
Británie
51%
Turecko
49%
Čína
30%
Thajsko
25%
Island
24%
Australie
21%
Holandsko
19%
Kanada
18%
Belgie
16%
Gruzie
13%
Bulharsko
12%
Rakousko
12%
Indonésie
6%
Jihoafrická republika
6%
Estonsko
4%
Litva
4%
Alžírsko
3%
Filipíny
3%
Nigérie
3%
Jemen
1%
Salvador/Honduras
1%
Saudská Arábie
0%

Score Distribution

Percentile by Number Answered

Percent of People with Each Score

Your Score History

You have not taken this quiz